Vista normal Vista MARC

Entrada Corporate Name

Número de registros utilizados en: 1

001 - CONTROL NUMBER

  • control field: 39016

003 - CONTROL NUMBER IDENTIFIER

  • control field: OSt

005 - DATE AND TIME OF LATEST TRANSACTION

  • control field: 20210803122721.0

008 - FIXED-LENGTH DATA ELEMENTS

  • fixed length control field: 210803|| aca||aabn | a|a d

040 ## - CATALOGING SOURCE

  • Original cataloging agency: OSt
  • Transcribing agency: OSt

110 ## - HEADING--CORPORATE NAME

  • Corporate name or jurisdiction name as entry element: Secretaria General de la Comunidad Andina

670 ## - SOURCE DATA FOUND

  • Source citation: Work cat.: (OSt)8264: 16787, La dolarización en Ecuador : , 2001